Quizzes
Events
Quiz Creation
Community
Videos
Private Events
Remove Ads
Sign In
Join for FREE
Feedback
Dark Mode
Quiz Categories
Sports
Geography
Music
Movies
Television
Just For Fun
Miscellaneous
History
Literature
Language
Science
Gaming
Entertainment
Religion
Holiday
For Kids
Quiz Lab
Recent
Popular Today
Quiz Kudos Today
Editor Picks
Curator Picks
Quizzes by...
Day
Popularity
Type
Ratings
Length
Year
Community
Subscriptions
Recent Discussions
Orange Saloon
Badges
Playlists
Quests
Create
Leaderboards
Showdown
Live 5
Trivia Bingo
Activity
Puzzle Library
Sporcle Events
Private Events
Virtual Trivia
Globe League
Become a Host
Pub Owners
SporcleCon
Opinionation
Our Games
Videos
Blog
Mobile Apps
Partnerships
Remove Ads and Go Orange
Feedback
Sports
Athletes
MLB
NBA
NHL
NFL
Soccer
Sports Teams
WWE
NCAA
Football
Premier League
Basketball
Baseball
Hockey
Golf
Tennis
Cricket
Rugby
Auto Racing
Olympics
World Cup
Sports
Athletes
MLB
NBA
NHL
NFL
Soccer
Sports Teams
WWE
NCAA
Football
Premier League
Basketball
Baseball
Hockey
Golf
Tennis
Cricket
Rugby
Auto Racing
Olympics
World Cup
Random Quiz
Search Sporcle
×
Quiz Lab
Quiz Lab
Sports
champion
Type in answers that appear in a list
Type in answers that appear in a list
Classic
Best Score? Go Orange.
Money in the Bank Championship Matches Stats
Can you name the Money in the Bank Championship Matches?
By
bladerunner
8m
78 Questions
35 Plays
35 Plays
35 Plays
Comments
Comments
Give Quiz Kudos
Give Quiz Kudos
-
- Ratings
hide this ad
More Info
Minefield
Wrong answers will end the quiz
Wrong answers will end the quiz
Wrong Answers
Some wrong answers will appear in red
Some wrong answers will appear in red
Replay
Link that replays current quiz
Next Quiz
Link to next quiz in quiz playlist
You Got
0%
They Got
Avg Score
75%
Avg Friend Score
Upgrade to see
Score Distribution
Jump to the score distribution portion of the page
Score
0/78
Timer
08:00
0
Plays Today
Hint
Answer
% Correct
2010 WWE Championship Cage Match
???
97.1%
2011 WWE Championship Match
???
97.1%
2013 WWE Championship Match
???
97.1%
2014 WWE World Heavyweight Championship Match
???
97.1%
2010 World Heavyweight Championship Money in the Bank cash-
in match
???
94.3%
2011 World Heavyweight Championship Match
???
94.3%
2014 WWE World Heavyweight Championship Match
???
94.3%
2014 WWE World Heavyweight Championship Match
???
94.3%
2013 Pre Show WWE Tag Team Championship Match
???
91.4%
2014 WWE World Heavyweight Championship Match
???
91.4%
2011 Divas Championship Match
???
88.6%
2011 Divas Championship Match
???
88.6%
2013 Pre Show WWE Tag Team Championship Match
???
88.6%
2015 Divas Championship Match
???
88.6%
2015 Divas Championship Match
???
88.6%
2015 WWE World Heavyweight Championship Match
???
88.6%
2015 WWE World Heavyweight Championship Match
???
88.6%
2011 WWE Championship Match
???
85.7%
2012 WWE Championship No DQ Match
???
85.7%
2012 WWE Championship No DQ Match
???
85.7%
2012 WWE Championship No DQ Match
???
85.7%
2013 Divas Championship Match
???
85.7%
2015 WWE Intercontinental Championship Match
???
85.7%
2010 Undisputed Tag Team Championship Match
???
82.9%
2010 Undisputed Tag Team Championship Match
???
82.9%
2010 Undisputed Tag Team Championship Match
???
82.9%
2011 World Heavyweight Championship Match
???
82.9%
2013 Pre Show WWE Tag Team Championship Match
???
82.9%
2013 Pre Show WWE Tag Team Championship Match
???
82.9%
2013 WWE Championship Match
???
82.9%
2014 WWE Tag Team Championship Match
???
82.9%
2014 WWE Tag Team Championship Match
???
82.9%
2014 Divas Championship Match
???
82.9%
2015 Divas Championship Match
???
82.9%
2010 Undisputed Tag Team Championship Match
???
80%
2012 Pre Show WWE Tag Team Championship match
???
80%
2013 Divas Championship Match
???
80%
2010 World Heavyweight Championship Match
???
77.1%
2010 World Heavyweight Championship Match
???
77.1%
Hint
Answer
% Correct
2010 World Heavyweight Championship Money in the Bank cash-
in match
???
77.1%
2010 WWE Championship Cage Match
???
77.1%
2012 World Heavyweight Championship Match
???
77.1%
2013 WWE Intercontinental Championship Match
???
77.1%
2013 WWE Intercontinental Championship Match
???
77.1%
2013 World Heavyweight Championship Match
???
77.1%
2014 WWE World Heavyweight Championship Match
???
77.1%
2014 WWE World Heavyweight Championship Match
???
77.1%
2015 WWE Intercontinental Championship Match
???
77.1%
2015 WWE Tag Team Championship Match
???
77.1%
2012 World Heavyweight Championship Match
???
74.3%
2013 World Heavyweight Championship Match
???
74.3%
2014 WWE World Heavyweight Championship Match
???
74.3%
2014 WWE World Heavyweight Championship Match
???
74.3%
2015 WWE Tag Team Championship Match
???
74.3%
2015 WWE Tag Team Championship Match
???
74.3%
2010 Undisputed Tag Team Championship Match
???
71.4%
2010 Womens Championship Match
???
71.4%
2010 Womens Championship Match
???
71.4%
2013 WWE Intercontinental Championship Match
???
71.4%
2013 Divas Championship Match
???
71.4%
2014 WWE World Heavyweight Championship Match
???
71.4%
2015 WWE Tag Team Championship Match
???
71.4%
2010 Undisputed Tag Team Championship Match
???
68.6%
2012 Pre Show WWE Tag Team Championship match
???
68.6%
2010 Divas Championship Match
???
65.7%
2011 Divas Championship Match
???
65.7%
2013 Divas Championship Match
???
62.9%
2014 Divas Championship Match
???
60%
2012 World Heavyweight Championship Match
???
57.1%
2010 Womens Championship Match
???
54.3%
2011 Divas Championship Match
???
54.3%
2010 Divas Championship Match
???
51.4%
2014 WWE Tag Team Championship Match
???
48.6%
2014 WWE Tag Team Championship Match
???
45.7%
2014 Divas Championship Match
???
45.7%
2012 Pre Show WWE Tag Team Championship match
???
17.1%
2010 Womens Championship Match
???
14.3%
2012 Pre Show WWE Tag Team Championship match
???
14.3%
Quiz Playlist
Details
Report
Send in Message
Add To Playlist
More Info:
Championship Title Matches At The Pay Per veiw
Classic:
Type in answers that appear in a list
Minefield:
Wrong answers will end the quiz
Wrong Answers:
Some wrong answers will appear in red
Last Updated: Feb 16, 2017
Quiz Scoreboard
CHALLENGE
Sign Up to Join the Scoreboard
Show All
Scores
Hide
Comments
May contain spoilers
Recently Published
Movies - When Are They Set?
by FPL_Elf
Movies
5m
Popular People in 1961
by mucciniale
History
6m
1-10 Letter E Words III
by El_Dandy
Language
2m
More to Explore
Quiz From the Vault
Featured Blog Post
Where Did the Easter Bunny Come From?
hide this ad
You Might Also Like...
Tags
champion
Today's Top Quizzes in Sports
Browse Sports
hide this ad
Today's Top Quizzes in champion
Browse champion
Top Contributed Quizzes in Sports
1
Les meilleurs buteurs des matchs entre le PSG et l’OM
2
2022 World Cup Stars
3
FIFA Club World Cup Champions
4
Les entraîneurs de l'OM et du PSG au 21e siècle
5
Name the Premier League winners with different clubs
6
La finale Lions - Afrique du Sud 2021
7
Criteria MLB: Left Handed Sluggers
8
Les joueurs passés par le LOSC et le RC Lens
9
Players with Multiple 50 Home Run Seasons
10
MLB Players with Two .350 Batting Average Seasons
Explore More
Trending Topics
Disney
Anime
Crossword
Kpop
Marvel
NBA
Harry Potter
WWE
NFL
Puzzle
Soccer
Pokémon
Country
The Office
Song
hide this ad
More By:
bladerunner
Quiz
Plays
Rating
Category
Featured
Created
WWE Championship matches at Survivor Series
2,865
2.92
Sports
Nov 4, 2012
Tag teams or factions in History Part 2
1,685
1.58
Sports
Sep 18, 2012
Tag Teams or Factions in history Part 3
1,613
1.38
Sports
Sep 18, 2012
WWE Championship matches at The Royal Rumble
1,282
2.36
Sports
Nov 15, 2012
Give Me 5 Wrestlers i beat for first 5 WWE title reigns
1,223
2.00
Sports
Apr 22, 2015
Go to Creator's Profile
Score Distribution
Quiz Creator Spotlight
bladerunner
Follow
Send a Message
Quizzes Created
-
Created Quiz Play Count
-
More By This Creator
Popular Quizzes Today
1
Find the Countries of Europe - No Outlines Minefield
2
Find the US States - No Outlines Minefield
3
The Countries of the World
4
Popular People in 1961
5
US States
6
1-10 Letter E Words III
7
Find the US States
8
One Thing in Common: World Cities II
More Sports Quizzes
21st Century XIs: Atlético Madrid
Quiz Lab
Trending Quizzes
Risky Map Clicking: Least Populous States A-Z
1-10 Letter F Words
1-10 Letter G Words
One Thing in Common: United Kingdom
Risky Map Clicking: Next State Alphabetically
Recently Updated
Leaping Animals
pecheneg
Reality TV Shows (A-Z)
bhenderson79
Rickey Henderson's Hall of Fame Teammates
pecheneg
Champions League XIs: Arsenal
pecheneg
Quick Pick: Celebrities in WWE's Hall of Fame
aduchscher
A-Z Keypad Blitz II
pecheneg
Multiple Oscar Actors
pecheneg
Mystery Phrase Blitz: Oscar 'Best Actors'
pecheneg
F. Scott Fitzgerald Novels
LTH
Pick 3 Villains
ddd62291
Trending Topics
Anime
Disney
Crossword
Marvel
Kpop
NBA
Harry Potter
Puzzle
Song
The Office
Soccer
Country
WWE
NFL
Pokémon
Your Account Isn't Verified!
In order to create a playlist on Sporcle, you need to verify the email address you used during registration. Go to your
Sporcle Settings
to finish the process.
Report this User
Report this user for behavior that violates our
Community Guidelines
.
Details:
Send Report
Go to the Sporcle.com Mobile Site →
Comments